[Event "Gibraltar Masters 10th"]
[Site "Caleta"]
[Date "2012.01.30"]
[Round "7"]
[White "Shirov, Alexei"]
[Black "Baron, Tal"]
[Result "1-0"]
[WhiteElo "2710"]
[BlackElo "2498"]
[Annotator "Let's Check Training"]
[PlyCount "83"]
[EventDate "2012.01.24"]
[EventType "swiss"]
[EventRounds "10"]
[EventCountry "GGB"]
[SourceTitle "CBM 147"]
[Source "ChessBase"]
[SourceDate "2012.03.16"]
[SourceVersion "1"]
[SourceVersionDate "2012.03.16"]
[SourceQuality "1"]

1. e4 c5 2. Nf3 Nc6 3. d4 cxd4 4. Nxd4 Nf6 5. Nc3 e5 6. Ndb5 d6 7. Bg5 a6 8.
Na3 b5 9. Nd5 Be7 10. Bxf6 Bxf6 11. c4 b4 12. Nc2 O-O 13. g3 a5 14. h4 Be6 15.
Bg2 Rc8 16. O-O Bxd5 17. cxd5 Nd4 18. Nxd4 exd4 19. Qd2 Qd7 20. Rac1 h6 21. Rc6
Rxc6 22. dxc6 Qc7 23. Rc1 Rb8 24. Bf1 Re8 25. Qd3 Kf8 26. Be2 Rb8 27. Bd1 g5
28. hxg5 hxg5 29. Kg2 Kg7 30. Bg4 Rh8 31. b3 Re8 32. Qf3 Re7 33. Bf5 Re8 34.
Bd7 Rh8 35. Qf5 Rh6 36. Rd1 Kf8 37. Rd3 Ke7 38. Rf3 Qb6 39. Qd5 Qc5 40. Qxc5
dxc5 41. Rf5 Kd6 {[%tqu "En","","","","f5f6","",10]} 42. Rxf6+ $1 1-0

[Event "Ptuj zt"]
[Site "Ptuj"]
[Date "1995.??.??"]
[Round "14"]
[White "Kindermann, Stefan"]
[Black "Lobron, Eric"]
[Result "0-1"]
[WhiteElo "2585"]
[BlackElo "2575"]
[Annotator "Lobron,E"]
[PlyCount "118"]
[EventDate "1995.04.??"]
[EventType "tourn"]
[EventRounds "15"]
[EventCountry "SLO"]
[EventCategory "10"]
[SourceTitle "CBM 047"]
[Source "ChessBase"]
[SourceDate "1995.08.01"]
[SourceVersion "1"]
[SourceVersionDate "1995.08.01"]
[SourceQuality "1"]

1. e4 c5 2. Nf3 Nc6 3. d4 cxd4 4. Nxd4 Nf6 5. Nc3 e5 {Eine Runde vor Schluß
musste unbedingt ein Sieg her.} 6. Ndb5 d6 7. Bg5 a6 8. Na3 b5 9. Bxf6 gxf6 10.
Nd5 Bg7 11. c3 f5 12. exf5 Bxf5 13. Nc2 Be6 14. Nce3 O-O (14... Ne7 $6 15. g3
Nxd5 16. Nxd5 O-O 17. Bg2 {Jetzt verflacht die Stellung zugunsten des
Anziehenden, der in dieser Turniersituation nur allzu gerne eine solide
übersichtliche Partie gehabt hätte.}) 15. g3 $6 {Wie oft will der Anziehende
den Punkt d5 noch überdecken? Nachdem Schwarz im vorigen Zug 14.-Se7
unterlassen hat, hätte der Weiße den Läufer auf d3 postieren können, von wo
aus er in Verbindung mit späterem Dh5, oder gegebenenfalls über c2-b3
unangenehmer auf den schwarzen Königsflügel wirkt.} Rb8 {Ein früher oder
später notwendiger Abwartezug. Sofortiges 15.-f5 ließe 16.Lh3 zu.} 16. Bg2 f5
17. Qh5 Rf7 (17... f4 $2 18. Be4 $18) 18. f4 (18. O-O f4 19. Nc2 Qd7 $40) 18...
e4 {Da haben wir den Schlamassel. Die zeitraubende Fianchettierung des Lg2
führte zwangsweise zur Aussperrung des selbigen mit der Folge das der Punkt d5
ausgehebelt wird.} 19. O-O Ne7 20. Rad1 Nxd5 21. Nxd5 Qc8 $1 22. Qe2 (22. Kh1
Qc5 23. Nb4 Rb6 24. a3 Bb3 25. Rd2 a5 26. Nc2 Bxc2 27. Rxc2 b4 28. axb4 axb4
29. c4 d5 $19) 22... Qc5+ 23. Qf2 a5 $17 24. a3 (24. Qxc5 dxc5 25. a3 b4 26.
axb4 axb4 27. cxb4 cxb4 28. b3 Rd7 29. Ne3 Bd4 $19) 24... Rc8 25. Ne3 {Der
Weiße überschätzt schon die schwarze Stellung, kein Wunder also daß er seine
"Fudelchancen" durch Damentausch nicht mindern möchte.} (25. Qxc5 dxc5 26. Rd2
Rd7 27. Rfd1 Kf7 $1 28. Ne3 Rxd2 29. Rxd2 b4 30. axb4 cxb4 31. cxb4 a4 32. Bh3
Rc1+ 33. Kf2 Rb1 $17) 25... Bb3 $1 26. Rd2 b4 27. axb4 axb4 28. cxb4 Qxb4 {
So ungefähr dürften die Traumblasen in der Nacht über GM Sveshnikovs Haus in
Tscheljabinsk immer noch aussehen. Zwei verbundene Freibauern, unterstützt
durch ein gewaltiges Läuferpaar und den aktiveren Schwerfiguren sollten genug
sein um zwei Partien zu gewinnen.} 29. Bh3 Bd4 30. Kh1 Qb6 31. Rxd4 $8 {
Man muß kein Großmeister sein um zu erkennen daß der Nachziehende "total" auf
Gewinn steht. Aber wie so oft beginnt jetzt erst der schwierige Teil der
Partie, die Verwertung .} Qxd4 32. Bxf5 Ra8 33. Qe2 Kh8 34. Rc1 Rfa7 35. Rc3 $8
Ra1+ 36. Kg2 Qxc3 {Bei herannahender Zeitnot schien mir dies die "sicherste"
Fortestzung zu sein, Alternativen wie 36.-Lf7 37.Sc2 schienen mir dem Weißen
mehr Aktivität zukommen zu lassen als er verdient hätte. Die "sicherste" Wahl
ist aber auch oft die vom Maximum am weitesten entfernteste, jedenfalls was
die positive Skala anbelangt, und so muß ich zugeben mir nach der
Zeitkontrolle meines Sieges nicht mehr ganz sicher gewesen zu sein.} 37. bxc3
R8a2 38. Kf2 Rxe2+ 39. Kxe2 Ra2+ 40. Ke1 d5 41. h4 (41. Be6 Rxh2 42. Nxd5 (42.
Bxd5 Bxd5 43. Nxd5 Rg2 $19) 42... Rh6 43. f5 Rxe6 $19) (41. h3 $5 $17) 41...
Ra1+ 42. Ke2 h5 $1 43. Be6 Ra2+ 44. Ke1 Ra5 $1 45. Ke2 (45. Bf7 Kg7 46. Bxh5 d4
47. Bd1 Bxd1 48. Nxd1 d3 $19) (45. g4 hxg4 46. Bxg4 Kg7 47. h5 Kf6 $19) 45...
Kg7 46. Ke1 Kf6 47. Bg8 Ke7 48. Ke2 Kd6 49. Bf7 Kc5 50. f5 (50. Bxh5 Ra2+ 51.
Ke1 d4 52. cxd4+ Kxd4 $19) 50... Ra2+ 51. Ke1 Ra1+ 52. Kf2 (52. Ke2 d4 $19 53.
Bxb3 {Fritz} dxe3 54. f6 Kd6 55. f7 $14) 52... Rc1 53. f6 Rxc3 54. Bxh5 (54.
Be6 Rxe3 $19) 54... d4 55. Nf5 Rc2+ 56. Ke1 e3 57. f7 Rc1+ 58. Ke2 Bc4+ 59. Kf3
Rf1+ 0-1

[Event "New York op"]
[Site "New York"]
[Date "1998.03.17"]
[Round "3"]
[White "Bologan, Viktor"]
[Black "Burnett, Ronald"]
[Result "1-0"]
[WhiteElo "2580"]
[BlackElo "2400"]
[Annotator "Manor,I"]
[PlyCount "61"]
[EventDate "1998.03.16"]
[EventType "swiss"]
[EventRounds "9"]
[EventCountry "USA"]
[SourceTitle "CBM 064"]
[Source "ChessBase"]
[SourceDate "1998.06.02"]
[SourceVersion "1"]
[SourceVersionDate "1998.06.02"]
[SourceQuality "1"]

1. e4 c5 2. Nf3 Nc6 3. d4 cxd4 4. Nxd4 Nf6 5. Nc3 e5 6. Ndb5 d6 7. Bg5 a6 8.
Na3 b5 9. Nd5 Qa5+ 10. Bd2 Qd8 11. Nxf6+ gxf6 (11... Qxf6 {This is the normal
recapture.} 12. c4 (12. c3) (12. Bd3)) 12. c4 f5 (12... b4 13. Nc2 (13. Bxb4 $2
Nxb4 14. Qa4+ Bd7 15. Qxb4 d5) 13... a5 14. Bd3 $14) 13. Bd3 (13. cxb5 Nd4 14.
Bc3 Bg7 15. Bxd4 exd4 16. Bd3 O-O 17. O-O fxe4 18. Bxe4 d5 19. Bd3 axb5 20.
Nxb5 Ra6 21. Nxd4 Rh6 22. Nf5 Bxf5 23. Bxf5 Bxb2 24. Rb1 Be5 25. g3 Qg5 26. Bg4
Bg7 27. Rb5 Rd6 28. Bf3 Rfd8 29. Qb3 Bd4 30. Rd1 $18 Qf6 31. Rd2 Bc3 32. Rdxd5
$4 Qxf3 33. Rxd6 Rxd6 $19 {Anand- Ochoa de Echaguen, Thessaloniki olm,1984})
13... Bg7 (13... bxc4 14. Bxc4 (14. Nxc4 $2 fxe4 15. Bxe4 d5) 14... Bg7 (14...
Nd4) 15. O-O O-O (15... fxe4 16. Bd5 Bd7 (16... Bb7 17. Rc1 Rc8 18. Qa4 Qd7 19.
Nc4 $16) 17. Nc4 Qe7 18. Bb4 $16) 16. Bd5 $14 Bb7 17. exf5) 14. cxb5 Nd4 15.
Bc3 Bb7 (15... O-O 16. Bxd4 exd4 17. O-O $16) (15... fxe4 16. Bxe4 d5 17. Bxd4
(17. Bd3 Qb6 $1) 17... dxe4 18. Be3 Qa5+ (18... Qxd1+ 19. Rxd1 axb5 20. Nxb5
Rxa2 21. Bc5 Bd7 22. Nd6+ Kd8 23. Nxf7+ $18) 19. Bd2 (19. Qd2 Qxd2+ 20. Bxd2
O-O $44) 19... Qb6 20. Nc4 Qd4) 16. bxa6 Bxa6 $6 (16... Bxe4 17. Bxd4 exd4 18.
O-O (18. Bb5+ Kf8 19. O-O) 18... O-O $14) 17. exf5 O-O 18. O-O Nc6 (18... Qb6
19. Bxd4 Qxd4 20. Bxa6 Rxa6 $16) (18... d5 19. Bxd4 exd4 20. Nc2 $16) 19. Bxa6
Rxa6 20. Qd3 $16 Ra4 21. Rfd1 Nd4 22. Nb5 e4 23. Qxe4 $18 Re8 24. Qd3 Ne2+ 25.
Kh1 Qh4 26. Bxg7 Kxg7 27. Nxd6 Re5 28. Qb3 Re7 29. Rd3 Ra6 30. Qb5 Rea7 31. f6+
1-0

[Event "Keres Memorial"]
[Site "Tallinn/Parnu"]
[Date "1998.06.20"]
[Round "2"]
[White "Ehlvest, Jaan"]
[Black "Lautier, Joel"]
[Result "1/2-1/2"]
[WhiteElo "2610"]
[BlackElo "2645"]
[Annotator "Manor,I"]
[PlyCount "45"]
[EventDate "1998.06.19"]
[EventType "tourn"]
[EventRounds "9"]
[EventCountry "EST"]
[EventCategory "15"]
[SourceTitle "CBM 066"]
[Source "ChessBase"]
[SourceDate "1998.09.30"]
[SourceVersion "1"]
[SourceVersionDate "1998.09.30"]
[SourceQuality "1"]

1. e4 c5 2. Nf3 Nc6 3. d4 cxd4 4. Nxd4 Nf6 5. Nc3 e6 6. Ndb5 d6 7. Bf4 e5 8.
Bg5 a6 9. Na3 b5 10. Nd5 Be7 11. Bxf6 Bxf6 12. c3 O-O 13. Nc2 Bg5 14. a4 bxa4
15. Rxa4 a5 16. Bc4 Rb8 17. b3 (17. Ra2 Kh8 18. Nce3 g6 19. h4 Bxh4 20. g3 Bg5
21. f4 exf4 22. gxf4 Bh4+ 23. Kf1 f5 24. b3 fxe4 25. Rah2 g5 26. Ng2 $40 {
Maus,S-Birnboim,N, Tel-Aviv,1987, 1-0}) 17... Kh8 18. O-O g6 (18... f5 19. exf5
Bxf5 20. Nce3 Be6 21. Qd3 Qd7 22. Rd1 Qf7 23. Ra2 Bxe3 24. Qxe3 Bg4 $11 {
Iordachescu,V-Sveshnikov, E, Novgorod op,1995,1/2-1/2}) 19. Ra1 (19. Qe2 Bd7
20. Ra2 f5 21. Rfa1 Bh6 22. b4 axb4 23. Ncxb4 {Ehlvest,J-Fedorowicz,J, WchT
Luzern, 1989,1/2-1/2}) (19. Qd3 Bd7 20. Raa1 f5 21. Rfd1 Bh6 22. Nde3 Rf6 23.
f3 Ne7 24. Kh1 Bf4 25. b4 a4 26. Nd5 Nxd5 27. Bxd5 Qf8 $13 {Shirov,A-Kramnik,V,
Monaco blind, 1995, 1-0}) (19. Kh1 f5 20. exf5 Bxf5 21. Nce3 Be6 22. Qd3 Ne7
23. Nxe7 Qxe7 24. Rxa5 Bxe3 25. Qxe3 Bxc4 26. bxc4 Qc7 $11 {Lanka,Z-Nijboer,F,
Arnold Cup,1994,1/2-1/2}) (19. b4 Bd7 20. Qa1 Qc8 21. Bd3 axb4 22. cxb4 Be6 23.
b5 Bxd5 24. exd5 Ne7 25. Nb4 Rb7 26. Rd1 Kg7 27. Bf1 Qc5 $13 (27... Qc5 {
1/2-1/2 Bologan,V-Lobron,E/BL9596 1996 (67)})) 19... Bh6 20. Qd3 f5 21. f3 Be6
22. Rad1 Ne7 23. Nce3 (23. Nxe7 Qxe7 24. Bxe6 (24. Qxd6 $6 Qxd6 25. Rxd6 Bxc4
26. bxc4 Rb2 27. Ne1 (27. Na3 $2 Be3+ 28. Kh1 Bc5 $19) 27... Be3+ 28. Kh1 fxe4
$15) 24... Qxe6 25. c4 $11 (25. Na1 $5)) 1/2-1/2

[Event "RUS-Cup06"]
[Site "Nizhnij Novgorod"]
[Date "1998.07.06"]
[Round "8"]
[White "Voitsekhovsky, Stanislav"]
[Black "Grebionkin, Vladimir"]
[Result "1-0"]
[WhiteElo "2540"]
[BlackElo "2415"]
[Annotator "Manor,I"]
[PlyCount "71"]
[EventDate "1998.06.29"]
[EventType "swiss"]
[EventRounds "9"]
[EventCountry "RUS"]
[SourceTitle "EXT 2000"]
[Source "ChessBase"]
[SourceDate "1999.11.16"]
[SourceVersion "1"]
[SourceVersionDate "1999.11.16"]
[SourceQuality "1"]

1. e4 c5 2. Nf3 Nc6 3. d4 cxd4 4. Nxd4 Nf6 5. Nc3 e5 6. Ndb5 d6 7. Bg5 a6 8.
Na3 b5 9. Bxf6 gxf6 10. Nd5 f5 11. c3 Bg7 12. exf5 Bxf5 13. Nc2 Be6 14. Nce3
Ne7 15. g3 O-O 16. Bg2 Rc8 17. Qh5 (17. O-O f5 (17... Nxd5 18. Bxd5 Rc5 19. Qd3
Bh6 20. Bxe6 $2 fxe6 21. Ng4 Bg7 $11 {Time! 1-0 Arakhamia,K-Salman,J/Lloyds
Bank op 1994 (37)}) 18. Nxe7+ Qxe7 19. Bd5 Kh8 20. Bxe6 Qxe6 21. Qd5 Qd7 22.
Rad1 f4 23. Ng2 Rf6 24. Rd3 Rcf8 25. Qxe5 $16 {1-0 Kuporosov,V-Holmsten,A/
Helsinki op 1992 (38)}) 17... f5 18. Nxe7+ Qxe7 19. Nd5 Bxd5 (19... Qf7 20.
Qxf7+ Rxf7 21. Rd1 a5 22. Nb6 Rb8 23. Bd5 Bxd5 24. Nxd5 b4 $13) 20. Bxd5+ Kh8
21. O-O e4 22. Qe2 Rc5 $6 (22... Rb8 23. a3 a5 $13) 23. Rad1 Be5 (23... a5 24.
f3 e3 25. Rfe1 Re8 26. f4 $16) (23... Qe5 24. f4 Qe7 $14) 24. Kh1 Qg7 25. f3
exf3 26. Rxf3 $14 {White has a lasting advantage due to his better placed
pieces and the weak pawn on f5. also the black rook on C5 is misplaced.} Qh6
27. Qd3 f4 28. g4 Rc7 29. Rg1 Qh4 (29... Rg7 30. Rh3 Qf6 31. g5 Qg6 32. Be4 Qf7
33. Rg4 $40) 30. g5 $16 Qh5 31. Rh3 Qe8 32. Rg4 Qd7 33. Rgh4 Rf5 34. g6 h5 35.
Qxf5 Qxf5 36. Rxh5+ 1-0

[Event "St Petersburg-ch"]
[Site "St Petersburg"]
[Date "1998.04.20"]
[Round "13"]
[White "Lugovoi, Aleksei"]
[Black "Shchukin, Dmitry"]
[Result "1-0"]
[WhiteElo "2540"]
[BlackElo "2390"]
[Annotator "Manor,I"]
[PlyCount "97"]
[EventDate "1998.04.07"]
[EventType "tourn"]
[EventRounds "13"]
[EventCountry "RUS"]
[EventCategory "10"]
[SourceTitle "CBM 065"]
[Source "ChessBase"]
[SourceDate "1998.08.06"]
[SourceVersion "1"]
[SourceVersionDate "1998.08.06"]
[SourceQuality "1"]

1. e4 c5 2. Nf3 e6 (2... Nc6 3. d4 cxd4 4. Nxd4 Nf6 5. Nc3 e5 6. Ndb5 d6 7. Bg5
a6 8. Na3 b5 9. Bxf6 gxf6 10. Nd5 Bg7 11. c3 f5 12. exf5 Bxf5 13. Nc2 Be6 14.
g3 O-O 15. Bg2 a5 16. O-O Rb8 17. Qh5 (17. Re1 Qd7 18. Qh5 f5 19. Rad1 e4 20.
Nce3 Ne5 21. Re2 Ng6 22. Red2 Be5 23. a4 bxa4 24. Nc4 Qf7 25. Qg5 Kh8 26. Kh1
Rg8 27. Qe3 Qg7 28. Bf1 Rbf8 $40 {0-1 Short,N-Kramnik,V/Novgorod 1994 (41)})
17... Qd7 18. Rad1 f5 19. Nce3 Qf7 20. Qxf7+ Rxf7 21. Rd2 $13 {1/2-1/2
Ivanchuk,V-Illescas Cordoba,M/Linares 1995 (34)}) 3. d4 cxd4 4. Nxd4 Nf6 5. Nc3
Nc6 6. Ndb5 d6 7. Bf4 e5 8. Bg5 a6 9. Na3 b5 10. Bxf6 gxf6 11. Nd5 Bg7 12. c3
f5 13. exf5 Bxf5 14. Nc2 Be6 15. g3 Ne7 (15... O-O 16. Bg2 a5 17. O-O Rb8 18.
Qh5 f5 19. Rad1 Kh8 20. Nce3 Ne7 21. Nxe7 Qxe7 22. g4 e4 23. gxf5 Bxa2 24. Kh1
Bf7 25. Qg4 b4 26. Nd5 Bxd5 27. Rxd5 bxc3 28. bxc3 Bxc3 29. Rfd1 Be5 30. Rxa5
Rb2 31. Qxe4 Rxf2 $15 {1/2-1/2 Ljubojevic,L-Illescas Cordoba,M/Linares 1995 
(41)}) 16. Bg2 Nxd5 17. Bxd5 O-O 18. Ne3 (18. Bxa8 Qxa8 19. f3 $44) 18... Rb8
19. Qd3 $14 Kh8 $2 (19... Bh3 $5) 20. Rd1 b4 21. O-O bxc3 22. bxc3 Bh3 {
A SAD NECESSITY. BLACK HAS PROBLEMS WITH D6.} (22... Rb6 23. Nc4 $16) 23. Bg2
Bxg2 24. Kxg2 $16 {WHITE CONTROLS KEY SQUERES D5,F5 THEREFORE HE HAS A LASTING
ADVANTAGE.} Qa5 25. Nf5 Qxa2 26. Ra1 Qe6 27. Rxa6 e4 28. Nxg7 Qe5 (28... exd3
29. Nxe6 fxe6 30. Rxd6 Rfd8 31. Rxe6 Rb2 32. Re3 d2 33. Rd1 Rc2 34. Kf1 $18)
29. Qd2 (29. Qxd6 Qxd6 30. Rxd6 Kxg7 31. Re1 Rfe8 32. Rd4 Rbc8 33. c4 f5 $16)
29... Rbd8 30. Nh5 Qxh5 31. Rxd6 Qf3+ 32. Kg1 Rxd6 33. Qxd6 Re8 34. Qd4+ Kg8
35. Re1 Re6 36. c4 h5 37. h4 $18 Kh7 38. c5 Kg6 39. Qc4 Kf6 40. Re3 Qd1+ 41.
Kg2 Qd7 42. Rxe4 Qb7 43. Qd4+ Kg6 44. f3 Rf6 45. Qd3 Kg7 46. Qc3 Kg6 47. Re5
Qc6 48. Qd3+ Kh6 49. Rxh5+ 1-0

[Event "London m"]
[Site "London"]
[Date "1998.04.16"]
[Round "1"]
[White "Rowson, Jonathan"]
[Black "Adams, Michael"]
[Result "0-1"]
[WhiteElo "2485"]
[BlackElo "2670"]
[Annotator "Manor,I"]
[PlyCount "80"]
[EventDate "1998.04.16"]
[EventType "match"]
[EventRounds "6"]
[EventCountry "ENG"]
[SourceTitle "CBM 065"]
[Source "ChessBase"]
[SourceDate "1998.08.06"]
[SourceVersion "1"]
[SourceVersionDate "1998.08.06"]
[SourceQuality "1"]

1. e4 c5 2. Nf3 Nc6 3. d4 cxd4 4. Nxd4 Nf6 5. Nc3 e5 6. Ndb5 d6 7. Nd5 Nxd5 8.
exd5 Nb8 9. a4 Be7 10. Be2 O-O 11. O-O Nd7 (11... f5 12. a5 (12. f4 Bf6 13. Kh1
a6 14. fxe5 Bxe5 15. Nd4 Qf6 16. c3 a5 17. Bf4 Nd7 18. Ne6 Bxf4 19. Rxf4 Rf7
20. Bd3 $16 {1-0 Motwani,P-Espinosa Flores,R/Dubai olm 1986 (53)}) 12... a6 13.
Nc3 Nd7 14. Kh1 Kh8 15. f4 Bf6 16. Be3 exf4 17. Bxf4 Ne5 18. Qd2 Bd7 19. Na4
Bxa4 20. Rxa4 Ng6 21. Be3 Be5 22. Bd3 f4 23. Bg1 Nh4 24. g3 Qd7 25. Rb4 Nf5 26.
gxf4 $16 {1-0 Ivanov,A-Dolmatov,S/URS-FL 1979 (39)}) 12. f4 (12. Kh1 f5 13. f4
a6 14. Na3 Bf6 15. c3 (15. Nc4 Nb6 16. fxe5 dxe5 17. Ne3 Bg5 18. c4 f4 19. a5
Nd7 20. Nc2 e4 21. Qd4 Qe8 22. Bg4 Qg6 23. Qc3 Nc5 24. Be2 e3 25. Nxe3 fxe3 26.
Rxf8+ Kxf8 27. Bxe3 Ne4 28. Qb4+ Kg8 29. Rf1 Ng3+ $1 {0-1 Zelcic,R-Sutovskij,E/
Struga zt 1995}) 15... Qe7 16. Nc4 g6 17. Re1 Re8 18. Be3 exf4 19. Bxf4 Ne5 20.
Bf3 Qf8 21. Bxe5 Bxe5 22. Qb3 Rb8 23. Qb6 $13 {Garbett,P-Chandler,M/NZD-ch
1978/0-1 (49)}) 12... a6 13. Na3 b5 $1 14. Kh1 (14. axb5 axb5 15. Bxb5 $2 Qb6+
16. Kh1 Rxa3 $17) 14... bxa4 15. Nc4 exf4 16. Bd2 (16. Bxf4 Nc5 17. Be3 Qc7)
16... Ne5 17. Ba5 (17. Rxa4 g5 18. Ba5 Qe8 19. Nxe5 dxe5 20. d6 Bf6 $13) 17...
Qe8 $8 18. Nb6 f3 (18... Rb8 19. Rxf4) 19. Bxf3 Rb8 20. Be2 Bd8 21. Nxc8 Rxc8
22. Bb4 $13 (22. Bxd8 $2 Qxd8 23. Bxa6 Rb8 $17) (22. Bc3 Bb6 23. Bxa6 Rxc3 $1
24. bxc3 Bc5 $15) 22... Bc7 (22... Qd7 23. Bxa6 Ra8 24. Qe2) 23. Bxa6 Ra8 (
23... Rb8 24. c3) 24. Qe2 Rb8 25. Bc3 f5 26. Rf4 Qf7 27. Qd2 (27. Bxe5 Rfe8 (
27... dxe5 28. d6 $1 $16)) 27... Bb6 28. Be2 Rbe8 29. Rfxa4 Ng4 30. Bxg4 fxg4
$44 31. Qd1 h5 32. Ra6 $2 (32. Bd4 Bxd4 33. Rxd4 $13) 32... Qf2 $1 33. Rxb6
Qxb6 34. Qd3 Qf2 35. Rg1 Qf5 36. Qd4 Rf7 37. Bb4 Re4 38. Qd2 h4 39. Bxd6 Rd7
40. Ba3 Rxd5 {BLACK`S HEAVY PIECES ARE VERY DOMINANT. THE COMBINED THREAT OF
THE INVASION OF THE BLACK ROOKS AND PAWN TO H3 DECIDES THE GAME. THEREFORE
WHITE DOES NOT HAS MUCH TO PLAY.} 0-1

[Event "EU-ch 12th"]
[Site "Aix les Bains"]
[Date "2011.03.25"]
[Round "4"]
[White "Polgar, Judit"]
[Black "Edouard, Romain"]
[Result "1-0"]
[WhiteElo "2686"]
[BlackElo "2600"]
[Annotator "Marchand,A/Primel,D"]
[PlyCount "75"]
[EventDate "2011.03.22"]
[EventType "swiss"]
[EventRounds "11"]
[EventCountry "FRA"]
[SourceTitle "CBM 142 Extra"]
[Source "ChessBase"]
[SourceDate "2011.06.27"]
[SourceVersion "1"]
[SourceVersionDate "2011.06.27"]
[SourceQuality "1"]
[TimeControl "40/5400+30:1800+30"]

1. e4 c5 2. Nf3 Nc6 3. d4 cxd4 4. Nxd4 Nf6 5. Nc3 e5 6. Ndb5 d6 7. Bg5 a6 8.
Na3 b5 (8... Be6 9. Nc4 Rc8 10. Nd5 Bxd5 11. Bxf6 gxf6 12. exd5 Ne7 $15 {Larsen
}) 9. Nd5 {[%emt 0:01:30]} (9. Bxf6 gxf6 10. Nd5 f5 11. Bd3 Be6 12. c3 Bg7 13.
Nxb5 $5) 9... Be7 10. Bxf6 Bxf6 11. c3 {[%emt 0:01:29]} (11. c4) 11... O-O {
[%emt 0:01:31]} (11... Bg5 12. Nc2 O-O 13. a4 $14) 12. Nc2 Bg5 (12... Rb8 13.
Be2 a5 14. Qd3 Bg5 15. Rd1 Be6 16. Nce3 Bxe3 17. Nxe3 Bxa2 18. Qxd6 {Lanka,Z 
(2490)-Nokso Koivisto,A (2330) Cappelle op 08th 1992 (2) 1-0}) 13. Be2 {
[%emt 0:01:27]} (13. a4 {La grande ligne} bxa4 14. Rxa4 a5 15. Bc4 Rb8 16. b3
Kh8 (16... Be6 17. Qa1 g6 18. O-O Qd7 {Karpov,A (2660)-Sveshnikov,E URS-ch41
Moscow 1973 (3) 1/2} (18... f5 $2 19. Ndb4) (18... Kh8 19. Rd1)) 17. Nce3 g6
18. h4) 13... Be6 {73 Le français est sorti de sa préparation} (13... Ne7) (
13... Rb8) (13... Kh8 14. O-O f5 (14... g6 15. Nce3 Be6) 15. Bf3 Rb8) 14. O-O {
[%emt 0:01:25]} Ne7 {[%emt 0:01:06]} 15. a4 {[%emt 0:01:17]} Bxd5 {[%emt 0:00:
55]} 16. exd5 bxa4 17. Rxa4 {[%emt 0:01:13]} a5 {[%emt 0:00:55]} 18. Qd3 $5 {
[%csl Ra5][%cal Gf1a1] 70} (18. Na3 f5 19. Nc4 e4 20. Qa1 Nxd5 21. Rd1 Nf4 22.
Bf1 d5 23. Rxa5 Rxa5 24. Qxa5 Qb8 25. Rxd5 Nxd5 26. Qxd5+ Kh8 27. Nd6 Qa7 28.
g3 e3 29. Kg2 f4 30. f3 Qe7 31. Ne4 Bh6 32. g4 g6 {Serper,G (2435)-Chekhov,V 
(2480)/Frunze 1988/TD/1/2-1/2 (44)}) 18... Qb6 {[%emt 0:00:46]} 19. Rb1 (19. h4
Bh6 20. Rb1) 19... Qb7 {[%csl Rd5]} (19... f5 20. Na3 e4 $132 {[%cal Gg5f6]})
20. Na3 {[%emt 0:00:56]} (20. Bf3 f5 $132 {[%cal Ge5e4]}) 20... Qxd5 {[%emt 0:
00:27]} 21. Qxd5 {[%emt 0:00:47]} Nxd5 22. Nc4 $44 {[%emt 0:00:42][%csl Rd5,
Rd6][%cal Gb1d1]} Rab8 {[%emt 0:00:25]} 23. Raa1 {[%emt 0:00:42]} a4 $5 {
[%emt 0:00:22][%cal Gd5c3]} (23... Bd8 {[%cal Gd8a5]} 24. Nxd6) 24. Bf3 {
[%emt 0:00:37]} Nb6 {[%emt 0:00:22]} 25. Nxb6 (25. Nxd6 $143 Rfd8 {[%cal Gb6a4]
}) 25... Rxb6 26. Rxa4 Rc8 {[%cal Gc8c3,Gb6b1]} (26... Bd2 $142 {[%cal Gd2c3,
Gf8b8] Plus souple que Rc8} 27. Rc4 Rb3 28. Bd1 (28. Kf1 Rfb8 $132)) 27. Bd5 {
[%emt 0:00:33][%csl Gd5,Rf7][%cal Ga4a7]} Bd2 {[%emt 0:00:18] Trop tard!} 28.
c4 {[%emt 0:00:23]} Rcb8 {[%emt 0:00:12]} 29. Ra7 {[%csl Rf7]} (29. b3 $5 {
[%csl Rg8]} g5) 29... g6 (29... Rf8 {Peut-être un moindre mal mais Romain
commençait а être mal au temps}) 30. Rxf7 Kh8 31. h4 {[%emt 0:00:17]} Rxb2 {
[%emt 0:00:11]} 32. Rxb2 Rxb2 33. g4 Rb8 34. g5 Rd8 35. Kg2 {[%emt 0:00:13]} h6
$2 {[%emt 0:00:05]} (35... Rc8) 36. h5 $1 Rg8 37. Rd7 Rg7 38. Bf7 1-0

[Event "Baku FIDE GP"]
[Site "Baku"]
[Date "2014.10.05"]
[Round "4"]
[White "Dominguez Perez, Leinier"]
[Black "Gelfand, Boris"]
[Result "1/2-1/2"]
[WhiteElo "2751"]
[BlackElo "2748"]
[Annotator "Marin,M"]
[PlyCount "66"]
[EventDate "2014.10.02"]
[EventType "tourn"]
[EventRounds "11"]
[EventCountry "AZE"]
[EventCategory "21"]
[SourceTitle "CBM 163"]
[Source "ChessBase"]
[SourceDate "2014.11.11"]
[SourceVersion "1"]
[SourceVersionDate "2014.11.11"]
[SourceQuality "1"]

1. e4 c5 2. Nf3 Nc6 3. d4 cxd4 4. Nxd4 Nf6 5. Nc3 e5 6. Ndb5 d6 7. Bg5 a6 8.
Na3 b5 9. Nd5 Be7 10. Bxf6 Bxf6 11. c3 Rb8 12. Nc2 Bg5 13. a4 bxa4 14. Nce3 $5
{A rare move.} ({The usual continuation is} 14. Ncb4) 14... O-O (14... Rxb2 $6
15. Qxa4 Bd7 16. Bxa6 O-O 17. O-O $36 {would leave White with excellent
attacking chances on the queenside.}) 15. Qxa4 Bxe3 16. Nxe3 Ne7 17. O-O-O Bb7
18. Bd3 Bc6 19. Qa3 Qc7 20. Rd2 d5 $5 $146 {A novelty on move 20 in an almost
non-existent line!!} (20... f5 $6 21. Bc4+ Kh8 22. Qxd6 {Nisipeanu,L (2690)
-Van Wely,L (2676) Fuegen 2006 CBM 115 [Nisipeanu,L] (1-0, 65)}) 21. exd5 Nxd5
22. Nxd5 Bxd5 23. Bxh7+ Kxh7 24. Rxd5 Qc4 25. Rhd1 Rfc8 26. R5d3 Rc5 27. R1d2
g6 28. Rf3 Rb3 29. Qa2 Rcb5 30. Kd1 Qf1+ 31. Kc2 Qc4 32. Kd1 Qf1+ 33. Kc2 Qc4
1/2-1/2